Essentials of integrated library management
Contents of material: Automated library. Automated acquisitions. Integrated online system. Data integraty and technical services. Serials and infoage cataloguing. Information security. Preservation. Information retrieval. Information evaluation.
में बचाया:
| मुख्य लेखक: | |
|---|---|
| स्वरूप: | पुस्तक |
| भाषा: | Undetermined |
| प्रकाशित: |
Laxmi Nagar, Delhi
Authorspress
2002
|
| विषय: | |
| टैग : |
टैग जोड़ें
कोई टैग नहीं, इस रिकॉर्ड को टैग करने वाले पहले व्यक्ति बनें!
|
| Thư viện lưu trữ: | Trung tâm Học liệu Trường Đại học Cần Thơ |
|---|
| LEADER | 00790nam a2200205Ia 4500 | ||
|---|---|---|---|
| 001 | CTU_124848 | ||
| 008 | 210402s9999 xx 000 0 und d | ||
| 020 | |c 49.00 | ||
| 082 | |a 025.1 | ||
| 082 | |b S617 | ||
| 100 | |a Singh, S. K. | ||
| 245 | 0 | |a Essentials of integrated library management | |
| 245 | 0 | |c S. K. Singh | |
| 260 | |a Laxmi Nagar, Delhi | ||
| 260 | |b Authorspress | ||
| 260 | |c 2002 | ||
| 520 | |a Contents of material: Automated library. Automated acquisitions. Integrated online system. Data integraty and technical services. Serials and infoage cataloguing. Information security. Preservation. Information retrieval. Information evaluation. | ||
| 650 | |a Library science,Library administration | ||
| 904 | |i Minh | ||
| 980 | |a Trung tâm Học liệu Trường Đại học Cần Thơ | ||